000 00323 a2200157 4500
001 62299
020 _a8526263072
040 _cAnchieta - Pituba
240 1 0 _aHistória Geral
_lpor
245 1 0 _aHistória Geral
300 _a543
362 0 _a2006
440 1 _aScipione
650 4 _aHistória do mundo
942 _cBK
999 _c62299
_d62299